| 000 | 00345nam a22001337a 4500 | ||
|---|---|---|---|
| 020 | _a9781851774234 | ||
| 040 | _cNUST | ||
| 082 |
_a739.27 _bCLA |
||
| 100 |
_aClarke, John _9123021 |
||
| 245 | _aJewellery of Tibet and Himalya | ||
| 260 |
_aUK: _bV& A Publication, _c2004. |
||
| 650 |
_aJewellery of Tibet and Himalya _9123022 |
||
| 942 |
_2ddc _cBK |
||
| 999 |
_c609357 _d609357 |
||